Principles of Management 7th Ed. (Record no. 20845)
[ view plain ]
| 000 -LEADER | |
|---|---|
| fixed length control field | 00345nam a22001337a 4500 |
| 008 - FIXED-LENGTH DATA ELEMENTS--GENERAL INFORMATION | |
| fixed length control field | 240902b |||||||| |||| 00| 0 eng d |
| 020 ## - INTERNATIONAL STANDARD BOOK NUMBER | |
| ISBN | 978-93-5460-063-0 |
| 100 ## - MAIN ENTRY--AUTHOR NAME | |
| Personal name | P C Tripathi & P N Reddy |
| 245 ## - TITLE STATEMENT | |
| Title | Principles of Management 7th Ed. |
| 250 ## - EDITION STATEMENT | |
| Edition statement | 7th. |
| 260 ## - PUBLICATION, DISTRIBUTION, ETC. (IMPRINT) | |
| Place of publication | Chennai |
| Name of publisher | McGraw Hill Edu. |
| Year of publication | 2023 |
| 300 ## - PHYSICAL DESCRIPTION | |
| Number of Pages | 474 |
| 942 ## - ADDED ENTRY ELEMENTS (KOHA) | |
| Source of classification or shelving scheme | Dewey Decimal Classification |
| Koha item type | Books |
| Accession Number | Bill Date | Source of acquisition | Price effective from | Koha item type | Withdrawn / writtenoff status | Damaged status | Not for loan | Permanent Location | Current Location | Shelving location | Date acquired | Lost/ Missing status | department |
|---|---|---|---|---|---|---|---|---|---|---|---|---|---|
| BBA 317 | 23-08-2024 | Radha Krishna Anand & Co, Jammu | 09/02/2024 | Books | Not For Loan | MIET Library, Jammu | MIET Library, Jammu | 173/1 | 08/23/2024 | BBA | |||
| BBA 318 | 23-08-2024 | Radha Krishna Anand & Co, Jammu | 09/02/2024 | Books | MIET Library, Jammu | MIET Library, Jammu | 139/4 | 08/23/2024 | BBA | ||||
| BBA 319 | 23-08-2024 | Radha Krishna Anand & Co, Jammu | 09/02/2024 | Books | MIET Library, Jammu | MIET Library, Jammu | 139/4 | 08/23/2024 | BBA | ||||
| BBA 320 | 23-08-2024 | Radha Krishna Anand & Co, Jammu | 09/02/2024 | Books | MIET Library, Jammu | MIET Library, Jammu | 139/4 | 08/23/2024 | BBA | ||||
| BBA 321 | 23-08-2024 | Radha Krishna Anand & Co, Jammu | 09/02/2024 | Books | MIET Library, Jammu | MIET Library, Jammu | 139/4 | 08/23/2024 | BBA |